| 000 | 00623nam a2200157Ia 4500 | ||
|---|---|---|---|
| 008 | 220515s9999||||xx |||||||||||||| ||und|| | ||
| 020 | _a1-872807-90-9 | ||
| 050 | _aW 84 .B76 1994 | ||
| 100 | _aBrodie, D.A. | ||
| 245 | 0 | _aHealth matters at work | |
| 260 |
_aNairobi _bTudor _c1994 |
||
| 300 | _ax, 271p. | ||
| 500 | _aExamines the cost of ill health in employment and the benefits to the organization of a healthy workforce. Also covers the techniques for the auditing the organization’s health and suggests practical strategies for effecting the improvements. | ||
| 650 | _aManpower|Work|Health | ||
| 942 |
_2lcc _cBK |
||
| 999 |
_c1641 _d1641 |
||